000 00546nam a2200193Ia 4500
008 220216s9999 xx 000 0 und d
100 _aVennemann N
245 0 _aPhase morphology and relaxation behaviour of SEBS/PP blends
260 _bKautschuk Gummi Kunststoffe
_c2001
300 _a362-367
650 _aPhase morphology
650 _aSEBS compounds
650 _aThermal scanning-stress-relaxation-test
650 _aThermoplastic elastomers
700 _aHundorf J
700 _aKummerlowe C
700 _aSchulz P
942 _cJS
999 _c64863
_d64863